000 01283nam0a22003011 4500
001 rc\2154301
005 20260406211357.0
035 _a(NLR Aleph) 006637047
090 _a7610461
_c7610461
100 _a20110829g19791980|||y0rusy50 ca
101 0 _arus
102 _aRU
105 _aa z |||||
200 1 _aСовершенствование структуры управления угольной промышленностью
_eПо материалам ВНИИУуголь
210 _aМосква
_cБ. и.
_d1979 (вып. дан. 1980)
215 _a138 с.
_cсхем.
_d22
225 1 _aТруды Института
_fГос. проект.-конструкт. и НИИ по автоматизации угол. пром-сти. ГИПРОуглеавтоматизация
_v№ 31
300 _aВ надзаг. также: М-во угол. пром-сти СССР
320 _aБиблиогр. в конце статей
712 0 2 _aВНИИ упр. угольной промышленности
_3RU\NLR\AUTH\889968481
_9433367
801 0 _aRU
_bNLR
_gpsbo
801 1 _aRU
_bELAR
_2rusmarc
852 _aNLR
_jП51/236
899 _aRuMoRGB
_jXXIV 251/58
899 _aRuMoRGB
_jXXIV 251/59
899 _aRuMoRGB
_jФ 2-80/5479
942 _cBOOK
980 _aNB